|
|
|
|
| LEADER |
01091nam a2200241 a 4500 |
| 008 |
090513s1977 sw b 000 0 eng d |
| 010 |
|
|
|a 77030115
|
| 040 |
|
|
|a DLC
|c DLC
|d DLC
|
| 082 |
0 |
0 |
|a a338.1/6/0954
|
| 100 |
1 |
|
|a Dasgupta, Biplab.
|
| 245 |
0 |
0 |
|a Agrarian change and the new technology in India/
|c Biplob Dasgupta.
|
| 260 |
|
|
|a Geneva;
|b United Nations Research Institute for Social Development, 1977.
|
| 300 |
|
|
|a xxvii, 408 p. ; 21 cm.
|
| 440 |
0 |
|
|a USRISD studies on the "green revolution" ;
|v no. 16
|
| 490 |
1 |
|
|a Report - United Nations Research Institute for Social Development ;
|v no. 77.2Notes
|
| 541 |
1 |
|
|e 00000482
|
| 504 |
|
|
|a Bibliography: p. 383-405.
|
| 650 |
|
0 |
|a Agriculture
|z India
|
| 650 |
|
0 |
|a Agriculture and state
|z India
|
| 710 |
1 |
|
|a United Nations Research Institute for Social Development.
|
| 852 |
4 |
|
|a <add library>
|j <shelf mark>
|
| 999 |
|
|
|c 669
|d 669
|
| 952 |
|
|
|0 0
|1 0
|2 ddc
|4 0
|6 338_160954000000000_DAS_1977
|7 0
|8 NFIC
|9 616
|a BRACUL
|b BRACUL
|c GEN
|d 2009-05-13
|g 0.00
|l 0
|o 338.160954 DAS
|p 3010000482
|r 2009-05-13
|t 1
|w 2009-05-13
|y BK
|x No price found in the accession register.
|